<?xml version="1.0" encoding="UTF-8"?><OAI-PMH xmlns="http://www.openarchives.org/OAI/2.0/" xmlns:xsi="http://www.w3.org/2001/XMLSchema-instance"     xsi:schemaLocation="http://www.openarchives.org/OAI/2.0/ http://www.openarchives.org/OAI/2.0/OAI-PMH.xsd"><responseDate>2026-05-17T05:27:17Z</responseDate><request verb="GetRecord" identifier="oai:regmurcia.com:fintegr.363" metadataPrefix="marc21">http://oai.regmurcia.com/oai2/oai2.php</request><GetRecord><record><header><identifier>oai:regmurcia.com:fintegr.363</identifier><datestamp>2026-05-17</datestamp><setSpec>documentos</setSpec></header><metadata><record  xmlns="http://www.loc.gov/MARC21/slim" xmlns:xsi="http://www.w3.org/2001/XMLSchema-instance" xsi:schemaLocation="http://www.loc.gov/MARC21/slim http://www.loc.gov/standards/marcxml/schema/MARC21slim.xsd" type="Bibliographic"><leader>00000nam a2200000   4500</leader><controlfield tag="001" >005076817</controlfield><controlfield tag="003" >363</controlfield><controlfield tag="004" >A00000000</controlfield><datafield tag="245" ind1=" " ind2=" "><subfield code="a">Provisión de los Reyes Católicos al concejo de Murcia, ordenando hacer un reparto de peones y salarios para la guerra contra Granada.</subfield></datafield><datafield tag="300" ind1=" " ind2=" "><subfield code="c">327 x 297 mm.</subfield></datafield><datafield tag="351" ind1=" " ind2=" "><subfield code="a">Unidad Documental simple</subfield><subfield code="c">Archivo de Murcia. Array</subfield><subfield code="a">Unidad Documental simple</subfield><subfield code="c">Archivo de Murcia. Array</subfield></datafield><datafield tag="351" ind1=" " ind2=" "><subfield code="b">Nº 63</subfield></datafield><datafield tag="505" ind1=" " ind2=" "><subfield code="a">/codom/19/348.pdf</subfield></datafield><datafield tag="506" ind1=" " ind2=" "><subfield code="a">Acceso restringido</subfield></datafield><datafield tag="510" ind1=" " ind2=" "><subfield code="a">Pub. MORATALLA COLLADO, ANDREA. Documentos de los Reyes Católicos 1475-1491. Murcia: Academia Alfonso X el Sabio, 2003, p. 657-659</subfield></datafield><datafield tag="520" ind1=" " ind2=" "><subfield code="a">Los Reyes Católicos comunican a la ciudad de Murcia el desarrollo de la guerra contra el reino de Granada, teniendo pensado el rey Fernando acudir él personalmente allí dentro de un año. Ordenan a la ciudad contribuir a la guerra con 100 lanzas y 600 peones, de los cuales 300 deben ser ballesteros, 200 lanceros y 100 espingarderos, los cuales serán pagados según salario correspondiente. Se envía a Murcia a Juan de Arévalo, contino de la casa real, para organizar los preparativos.</subfield></datafield><datafield tag="583" ind1=" " ind2=" "><subfield code="u">http://www.regmurcia.com/servlet/s.Sl?METHOD=VERDOCUMENTO&amp;sit=serv,Carmesi&amp;n=/01/960/indice.djvu</subfield></datafield><datafield tag="592" ind1=" " ind2=" "><subfield code="a">1488-10-26</subfield></datafield><datafield tag="592" ind1=" " ind2=" "><subfield code="d">1488-10-26 00:00:00</subfield></datafield><datafield tag="651" ind1=" " ind2=" "><subfield code="a">Valladolid</subfield></datafield><datafield tag="786" ind1=" " ind2=" "><subfield code="o">http://www.regmurcia.com/servlet/s.Sl?METHOD=VERDOCUMENTO&amp;sit=serv,Carmesi&amp;n=/01/960/indice.djvu</subfield></datafield><datafield tag="856" ind1=" " ind2=" "><subfield code="u">http://www.regmurcia.com/servlet/s.Sl?METHOD=DETALLE&amp;sit=c,373,m,139,serv,Carmesi&amp;id=363</subfield></datafield></record></metadata></record></GetRecord></OAI-PMH>
